Sanat " Olen suomalainen" -Kari Tapio - Statistics

Yleistilastot
  • Tätä visaa on pelattu 59 kertaa
  • Keskiarvotulos 140 / 194
Vastaustilastot
Vastaus % Oikein
tää
95%
93%
On
93%
on
93%
suomalainen
93%
täällä
93%
ja
88%
elämä
85%
laulan
85%
alla
83%
elämästä
83%
koti
83%
mainen
83%
mulla
83%
pohjantähden
83%
mies
80%
nainen
80%
olen
80%
siinä
80%
elää
78%
oonhan
78%
vain
78%
yksin
78%
myötä
76%
onni
76%
rakkaudesta
76%
sillä
76%
monta
73%
raskasta
73%
sen
73%
tietää
73%
työtä
73%
jos
71%
harvemmin
68%
kansa
68%
maailmalla
68%
valtamerta
68%
jonka
66%
taivaan
66%
saisi
63%
voi
63%
mitä
61%
olla
61%
rakkautta
61%
aikaan
59%
kyyneleistä
56%
mut
56%
niin
56%
tietäisivät
56%
voikaan
56%
yksinäistä
56%
ei
54%
jospa
54%
kiellettyä
54%
mutta
54%
Oi
54%
paljon
54%
lemmenlaulut
51%
me
51%
eikä
46%
riitä
46%
siitä
46%
toisistansa
46%
ettei
44%
kuin
44%
kuolema
44%
pitää
44%
virkavalta
44%
erottaa
41%
hammasta
41%
ikävöivät
41%
itsepäinen
41%
purren
41%
kannattanutkaan
37%
käymme
37%
mutkaan
37%
muu
37%
jälkeen
34%
mutkan
34%
nousemme
34%
surren
34%
taulut
34%
kertojaksi
32%
sielu
32%
ystävät
32%
nähdäksemme
29%
vastamäkeen
29%
nyt
27%
silloin
27%
tässä
27%
maassa
24%
Ehtoja vastaavia visoja ei löytynyt
Tulosjakauma
Jokaisen tuloksen saaneiden osuus
Persentiili vastausten määrän mukaan
Tuloshistoriasi
Et ole pelannut tätä visaa